Statistiques concernant Culture Générale - Série 1166

Cliquez ici pour prendre le quiz!

Statistiques générales

  • Ce quiz a été pris 50 fois
  • Le résultat moyen est 6 sur 10

Statistiques - réponses

QuestionRéponse% Correct
Quel est le verlan usuel du mot "femme" ?meuf
98%
Au football, de quelle couleur est le carton donnant un avertissement à un joueur ?jaune
96%
À quel rocker français doit-on la chanson "Couleur menthe à l'eau" en 1980 ?Eddy Mitchell
69%
Quel poisson de grande taille, du genre scombre, est l'albacore ?thon
65%
À quel peintre français, prénommé Fernand, est consacré le musée inauguré en 1960 dans la ville de Biot ?Fernand Léger
56%
En 1993, de quel pays d'Afrique l'Érythrée est-elle devenue indépendante ?Éthiopie
54%
En langage familier, on qualifie un remède vendu par un charlatan de "poudre de...Perlimpinpin
48%
Quel est le métier de Julien Fontanes, héros d'une série télévisée française ?juge
35%
Quelle actrice prénommée Mae, célèbre pour son personnage de vamp provocante, a donné son nom au gilet de sauvetage des aviateurs américains ?Mae West
25%
En 1965, quel film de Robert Enrico, dont l'action se passe dans les Vosges, réunit Bourvil, Lino Ventura et Marie Dubois ?Les Grandes Gueules
10%

Distribution des résultats

Percentile par nombre de réponses

% des personnes avec chaque résultat

Votre développement - résultats

Vous n’avez pas pris ce quiz